000
00276nam a22001217a 4500
008
170328b xxu||||| |||| 00| 0 eng d
041
_a
eng
080
_a
796.3
100
_a
8
101
_a
SHM
245
_a
EXERCISE AND SPORT SCIENCES REWIEWS
_c
HOLLOSZY.J.O
942
_2
udc
_c
BK
999
_c
8785
_d
8785